[Event "Meghalaya op 1st"]
[Site "Shillong"]
[Date "2023.12.18"]
[Round "8"]
[White "Karthikeyan, Pandian"]
[Black "Reyan, Md"]
[Result "1-0"]
[WhiteElo "2298"]
[BlackElo "1842"]
[PlyCount "113"]
[EventDate "2023.12.13"]
[EventType "swiss"]
[EventRounds "10"]
[EventCountry "IND"]
[SourceTitle "CBM 217 Extra"]
[Source "ChessBase"]
[SourceDate "2024.01.31"]
[SourceVersion "1"]
[SourceVersionDate "2024.01.31"]
[SourceQuality "1"]

1. e4 c5 2. Nf3 Nc6 3. d4 cxd4 4. Nxd4 g6 5. c4 Nf6 6. Nc3 Nxd4 7. Qxd4 Bg7 8. e5 Ng8 9. Bf4 Nh6 10. Qd2 Nf5 11. Bd3 Nd4 12. 0-0-0 Ne6 13. Bh6 Bxe5 14. Rhe1 Qa5 15. Rxe5 Qxe5 16. Nd5 b5 17. Re1 Qd6 18. Bg5 bxc4 19. Be4 Nxg5 20. Qxg5 f6 21. Nxf6+ Qxf6 22. Qxf6 exf6 23. Bxa8+ Kd8 24. Bd5 Re8 25. Rxe8+ Kxe8 26. Kd2 Ke7 27. Kc3 Ba6 28. Bxc4 Bb7 29. g3 d5 30. Bd3 Kd6 31. Kd4 Bc6 32. Ba6 g5 33. b3 h6 34. a4 Ba8 35. b4 Bc6 36. a5 Ba4 37. Bb7 Bb3 38. Ba6 Bd1 39. f4 gxf4 40. gxf4 Bb3 41. Be2 Ba2 42. b5 Bb3 43. Bf3 Ba2 44. b6 axb6 45. axb6 Bb3 46. b7 Kc7 47. Bxd5 Bc2 48. Be4 Bb3 49. Kc5 Ba2 50. Kb5 f5 51. Ka6 Kb8 52. Bxf5 Bd5 53. Bc8 h5 54. f5 h4 55. f6 h3 56. Kb6 Be6 57. Kc6 1-0

[Event "Meghalaya op 1st"]
[Site "Shillong"]
[Date "2023.12.16"]
[Round "6"]
[White "Karthikeyan, Pandian"]
[Black "Tiwari, Shivansh"]
[Result "1/2-1/2"]
[WhiteElo "2298"]
[BlackElo "1866"]
[PlyCount "61"]
[EventDate "2023.12.13"]
[EventType "swiss"]
[EventRounds "10"]
[EventCountry "IND"]
[SourceTitle "CBM 217 Extra"]
[Source "ChessBase"]
[SourceDate "2024.01.31"]
[SourceVersion "1"]
[SourceVersionDate "2024.01.31"]
[SourceQuality "1"]

1. Nf3 Nf6 2. c4 e6 3. g3 d5 4. Bg2 d4 5. d3 c5 6. e3 Nc6 7. exd4 cxd4 8. 0-0 Be7 9. Re1 0-0 10. Na3 Ne8 11. Nc2 f6 12. Nh4 g5 13. Nf3 e5 14. Nd2 Nc7 15. a3 a5 16. b3 Kh8 17. Rb1 Na6 18. Qe2 Rg8 19. Bd5 Rg7 20. Qf3 Bd7 21. Qe2 Qf8 22. f3 Re8 23. Ne4 f5 24. Nf2 h5 25. Bd2 Bd6 26. g4 Nc7 27. Bxc6 Bxc6 28. Rf1 Kg8 29. Rbe1 Kh8 30. b4 axb4 31. axb4 1/2-1/2

[Event "Meghalaya op 1st"]
[Site "Shillong"]
[Date "2023.12.15"]
[Round "4"]
[White "Karthikeyan, Pandian"]
[Black "Ravi Krishna, G."]
[Result "1-0"]
[WhiteElo "2298"]
[BlackElo "1606"]
[PlyCount "109"]
[EventDate "2023.12.13"]
[EventType "swiss"]
[EventRounds "10"]
[EventCountry "IND"]
[SourceTitle "CBM 217 Extra"]
[Source "ChessBase"]
[SourceDate "2024.01.31"]
[SourceVersion "1"]
[SourceVersionDate "2024.01.31"]
[SourceQuality "1"]

1. d4 d5 2. c4 c6 3. Nf3 Nf6 4. g3 Bg4 5. Bg2 e6 6. Nc3 Nbd7 7. cxd5 exd5 8. h3 Bf5 9. g4 Bg6 10. Nh4 Ne4 11. Nxg6 Nxc3 12. bxc3 hxg6 13. Rb1 Qc7 14. Qb3 b5 15. e4 dxe4 16. Bxe4 Rb8 17. Kf1 Nf6 18. Bf3 Bd6 19. h4 Qd7 20. h5 Nxg4 21. hxg6 Rxh1+ 22. Bxh1 Nh2+ 23. Ke1 Qe7+ 24. Be3 Kd7 25. gxf7 Ng4 26. Kd2 a5 27. a4 b4 28. Qc4 bxc3+ 29. Kc2 Nxe3+ 30. fxe3 Rxb1 31. Kxb1 c5 32. dxc5 Bxc5 33. Qd5+ Kc8 34. Qc6+ Kd8 35. Qa8+ Kd7 36. Qe8+ Kc7 37. Qc6+ Kd8 38. Qd5+ Kc7 39. Be4 c2+ 40. Kxc2 Qd6 41. Qa8 Bb4 42. Bd5 Qc5+ 43. Kb1 Qxe3 44. Qb7+ Kd8 45. Qxb4 Qd3+ 46. Ka1 Qd1+ 47. Qb1 Qd4+ 48. Qb2 Qxa4+ 49. Qa2 Qxa2+ 50. Kxa2 Ke7 51. Kb2 g5 52. Kc2 g4 53. Kd2 g3 54. Ke2 g2 55. Kf2 1-0

[Event "IND-ch 59th"]
[Site "New Delhi"]
[Date "2022.12.28"]
[Round "7"]
[White "Gurung, Rahul"]
[Black "Karthikeyan, Pandian"]
[Result "1/2-1/2"]
[WhiteElo "2028"]
[BlackElo "2316"]
[PlyCount "79"]
[EventDate "2022.12.22"]
[EventType "swiss"]
[EventRounds "13"]
[EventCountry "IND"]
[SourceTitle "CBM 211 Extra"]
[Source "ChessBase"]
[SourceDate "2023.01.31"]
[SourceVersion "1"]
[SourceVersionDate "2023.01.31"]
[SourceQuality "1"]

1. e4 e5 2. Nf3 Nc6 3. Nc3 Nf6 4. d4 exd4 5. Nxd4 Bb4 6. Nxc6 bxc6 7. Bd3 0-0 8. 0-0 Re8 9. Re1 d6 10. h3 Bb7 11. Bg5 h6 12. Bh4 c5 13. f4 Re6 14. e5 dxe5 15. fxe5 Bxc3 16. bxc3 Qd5 17. Qe2 Rxe5 18. Qf2 Rxe1+ 19. Rxe1 Re8 20. Rd1 Ne4 21. Qf3 Qxa2 22. Re1 Qe6 23. Bf2 a5 24. Bxc5 Nd2 25. Qe3 Bd5 26. Qxe6 Rxe6 27. Ra1 Ne4 28. Rxa5 Nxc5 29. Rxc5 Bc6 30. c4 Kf8 31. Rf5 Ke7 32. h4 g6 33. Ra5 Kd6 34. Kf2 Re5 35. Ra1 Bd7 36. Rd1 Ke7 37. Ra1 Be6 38. g3 Rc5 39. Ke3 Bd7 40. Ke4 1/2-1/2

[Event "Madurai Athens of the East op 2nd"]
[Site "Madurai"]
[Date "2022.07.02"]
[Round "6"]
[White "Fedorov, Alexei"]
[Black "Karthikeyan, Pandian"]
[Result "1/2-1/2"]
[WhiteElo "2523"]
[BlackElo "2346"]
[PlyCount "96"]
[EventDate "2022.06.28"]
[EventType "swiss"]
[EventRounds "10"]
[EventCountry "IND"]
[SourceTitle "EXT 2023"]
[Source "ChessBase"]
[SourceDate "2022.10.05"]
[SourceVersion "1"]
[SourceVersionDate "2022.10.05"]
[SourceQuality "1"]

1. e4 c5 2. Nf3 Nc6 3. d4 cxd4 4. Nxd4 Nf6 5. Nc3 d6 6. Bg5 e6 7. Qd3 Qb6 8. 0-0-0 Qxd4 9. Qxd4 Nxd4 10. Rxd4 a6 11. Be2 h6 12. Bh4 g5 13. Bg3 e5 14. Rb4 Be7 15. h4 Rg8 16. hxg5 hxg5 17. a4 Bd8 18. Nd5 Nxd5 19. exd5 Kf8 20. f3 Kg7 21. Bf2 b5 22. axb5 axb5 23. Kb1 Bd7 24. Bxb5 Rb8 25. Bxd7 Rxb4 26. c3 Rb8 27. b4 Bb6 28. Bxb6 Rxb6 29. Bc6 f5 30. Kc2 Rbb8 31. Bd7 Kg6 32. g4 fxg4 33. fxg4 Rh8 34. Rf1 e4 35. Bf5+ Kf6 36. Bh7+ Ke7 37. Bxe4 Rh3 38. Bf5 Re8 39. Ra1 Kf6 40. Be6 Re7 41. b5 Rb7 42. Rb1 Rc7 43. Rb3 Rh2+ 44. Kd3 Ke5 45. b6 Rh3+ 46. Kc2 Rh2+ 47. Kd3 Rh3+ 48. Kc2 Rh2+ 1/2-1/2

[Event "Madurai Athens of the East op 2nd"]
[Site "Madurai"]
[Date "2022.07.02"]
[Round "7"]
[White "Karthikeyan, Pandian"]
[Black "Laxman, Rajaram"]
[Result "1/2-1/2"]
[WhiteElo "2346"]
[BlackElo "2403"]
[PlyCount "64"]
[EventDate "2022.06.28"]
[EventType "swiss"]
[EventRounds "10"]
[EventCountry "IND"]
[SourceTitle "EXT 2023"]
[Source "ChessBase"]
[SourceDate "2022.10.05"]
[SourceVersion "1"]
[SourceVersionDate "2022.10.05"]
[SourceQuality "1"]

1. d4 Nf6 2. c4 e6 3. Nf3 d5 4. Nc3 Bb4 5. Qa4+ Nc6 6. a3 Bxc3+ 7. bxc3 Bd7 8. cxd5 exd5 9. Qc2 Ne4 10. e3 Nd6 11. Bd3 Qf6 12. a4 Bf5 13. Bxf5 Qxf5 14. Qxf5 Nxf5 15. Ba3 0-0-0 16. Nd2 Nd6 17. Bxd6 Rxd6 18. c4 dxc4 19. Nxc4 Rd5 20. 0-0 b6 21. Rfc1 Kb7 22. Rab1 Rc8 23. Kf1 Na5 24. Ke2 Nxc4 25. Rxc4 c5 26. a5 Rc6 27. axb6 axb6 28. Kd3 Rcd6 29. Ke4 Kc6 30. Ra4 cxd4 31. exd4 Re6+ 32. Kd3 Red6 1/2-1/2

[Event "Madurai Athens of the East op 2nd"]
[Site "Madurai"]
[Date "2022.06.30"]
[Round "4"]
[White "Karthikeyan, Pandian"]
[Black "Tran, Tuan Minh"]
[Result "1-0"]
[WhiteElo "2346"]
[BlackElo "2513"]
[PlyCount "121"]
[EventDate "2022.06.28"]
[EventType "swiss"]
[EventRounds "10"]
[EventCountry "IND"]
[SourceTitle "EXT 2023"]
[Source "ChessBase"]
[SourceDate "2022.10.05"]
[SourceVersion "1"]
[SourceVersionDate "2022.10.05"]
[SourceQuality "1"]

1. e4 c5 2. Nf3 d6 3. d4 cxd4 4. Nxd4 Nf6 5. Nc3 a6 6. Be2 Nc6 7. Be3 Bd7 8. Qd2 Rc8 9. 0-0-0 e6 10. f4 b5 11. a3 b4 12. axb4 Nxb4 13. Kb1 Be7 14. Bf3 0-0 15. e5 dxe5 16. fxe5 Nfd5 17. Nxd5 Nxd5 18. Bxd5 exd5 19. g4 Rc4 20. Nf5 Be6 21. Rhg1 Re8 22. Bd4 a5 23. Rg3 a4 24. Qd3 Bf8 25. Rh3 h6 26. Rg1 Qg5 27. Rf3 Rec8 28. c3 Rb8 29. Qe3 a3 30. b4 Qxe3 31. Rxe3 Bxb4 32. cxb4 Kh7 33. Bc3 Rxg4 34. Rxg4 Bxf5+ 35. Ka2 Bxg4 36. Kxa3 g5 37. Bd4 Kg6 38. Re1 Kf5 39. Ka4 Kf4 40. e6 Ra8+ 41. Kb3 Bxe6 42. b5 Kg4 43. b6 Rb8 44. Kb4 h5 45. Kc5 h4 46. Be5 Rc8+ 47. Bc7 Kh3 48. Kd4 Rxc7 49. bxc7 Bc8 50. Re8 Bd7 51. Kxd5 g4 52. Rh8 Be6+ 53. Kd6 g3 54. hxg3 Kxg3 55. Rh6 Bf5 56. Rf6 Bc8 57. Rxf7 h3 58. Rf8 Ba6 59. Rg8+ Kf2 60. Rh8 Kg2 61. Kc6 1-0

[Event "Madurai Athens of the East op 2nd"]
[Site "Madurai"]
[Date "2022.06.29"]
[Round "3"]
[White "Karthikeyan, Pandian"]
[Black "Goutham Krishna, H."]
[Result "1-0"]
[WhiteElo "2346"]
[BlackElo "1769"]
[PlyCount "125"]
[EventDate "2022.06.28"]
[EventType "swiss"]
[EventRounds "10"]
[EventCountry "IND"]
[SourceTitle "EXT 2023"]
[Source "ChessBase"]
[SourceDate "2022.10.05"]
[SourceVersion "1"]
[SourceVersionDate "2022.10.05"]
[SourceQuality "1"]

1. e4 c5 2. Nf3 d6 3. Bb5+ Nd7 4. a4 a6 5. Be2 Ngf6 6. Nc3 e6 7. d4 cxd4 8. Qxd4 Qc7 9. a5 Be7 10. Be3 0-0 11. 0-0 h6 12. Nd2 Ne5 13. Rfd1 Bd7 14. Qb6 Qb8 15. h3 Bc6 16. Qb3 d5 17. exd5 Nxd5 18. Nxd5 Bxd5 19. c4 Bc6 20. Qc3 Ng6 21. Bd4 Nf4 22. Bf1 f6 23. g3 e5 24. Bb6 Ne6 25. b4 Qc8 26. Qb3 f5 27. b5 Be8 28. c5 Bf7 29. c6 bxc6 30. bxc6 Qxc6 31. Rac1 Qe8 32. Nc4 Qb8 33. Qc3 e4 34. Qe5 Qb7 35. Qxf5 Ng5 36. Qd7 Qxd7 37. Rxd7 Nf3+ 38. Kh1 Bg5 39. Rcd1 Kh8 40. h4 Bf6 41. Bc5 Bxc4 42. Bxc4 Rfe8 43. Bf7 Re5 44. Bb6 Rc8 45. Bg6 Re6 46. R7d5 Rf8 47. Bf5 Ree8 48. Bc5 Rg8 49. Bg6 Re5 50. Rxe5 Nxe5 51. Bxe4 Nc4 52. Bb6 Rb8 53. Rc1 Nd6 54. Bd3 Ra8 55. Rc6 Nb7 56. Be4 Re8 57. Bg6 Rb8 58. Re6 Bc3 59. Bc7 Ra8 60. Be4 Nc5 61. Rxh6+ gxh6 62. Bxa8 Nb3 63. Bd5 1-0

[Event "Chennai op 13th"]
[Site "Chennai"]
[Date "2022.06.24"]
[Round "8"]
[White "Daakshin, Arun"]
[Black "Karthikeyan, Pandian"]
[Result "1-0"]
[WhiteElo "1927"]
[BlackElo "2346"]
[PlyCount "71"]
[EventDate "2022.06.19"]
[EventType "swiss"]
[EventRounds "10"]
[EventCountry "IND"]
[SourceTitle "CBM 209 Extra"]
[Source "ChessBase"]
[SourceDate "2022.09.30"]
[SourceVersion "1"]
[SourceVersionDate "2022.09.30"]
[SourceQuality "1"]

1. d4 Nf6 2. c4 e6 3. Nc3 Bb4 4. Bd2 d5 5. e3 0-0 6. Nf3 b6 7. cxd5 exd5 8. Bd3 Bb7 9. Ne5 Bd6 10. 0-0 c5 11. Rc1 a6 12. a4 Nc6 13. Nxc6 Bxc6 14. b3 Qe7 15. Qe2 Qb7 16. f3 Qb8 17. g3 Re8 18. Qf2 Nd7 19. Ne2 b5 20. e4 c4 21. Bb1 f6 22. axb5 axb5 23. exd5 Bxd5 24. Nc3 Bf7 25. bxc4 Bxc4 26. Rfe1 Nb6 27. Be4 b4 28. Nd1 Bd5 29. Qe2 Bf7 30. Ne3 Ra2 31. Qd3 Kh8 32. Nf5 Bc4 33. Rxc4 Nxc4 34. Qxc4 Rxd2 35. Qf7 Bf8 36. Nh6 1-0

[Event "Chennai op 13th"]
[Site "Chennai"]
[Date "2022.06.22"]
[Round "5"]
[White "Karthikeyan, Pandian"]
[Black "Ayyappan, P Santhana Prabu"]
[Result "1-0"]
[WhiteElo "2346"]
[BlackElo "1761"]
[PlyCount "87"]
[EventDate "2022.06.19"]
[EventType "swiss"]
[EventRounds "10"]
[EventCountry "IND"]
[SourceTitle "CBM 209 Extra"]
[Source "ChessBase"]
[SourceDate "2022.09.30"]
[SourceVersion "1"]
[SourceVersionDate "2022.09.30"]
[SourceQuality "1"]

1. e4 c5 2. Nf3 Nc6 3. Bb5 g6 4. 0-0 Bg7 5. c3 Nf6 6. Re1 0-0 7. h3 h6 8. d4 cxd4 9. cxd4 d5 10. e5 Ne4 11. Bxc6 bxc6 12. Be3 Kh7 13. Qc1 Bd7 14. Nc3 Nxc3 15. Qxc3 f6 16. e6 Be8 17. Bf4 g5 18. Bh2 Qb6 19. Nd2 f5 20. Be5 Bxe5 21. Rxe5 g4 22. Nb3 gxh3 23. Qxh3 f4 24. Rc1 a5 25. Rf5 Bg6 26. Rxf8 Rxf8 27. Qc3 a4 28. Nc5 Qb5 29. Nd7 Rg8 30. Qa3 Re8 31. Qf3 Be4 32. Qxf4 Rg8 33. Nf8+ Kg7 34. Rc3 Bd3 35. Qf7+ Kh8 36. Qxe7 Qxb2 37. Qf6+ Rg7 38. e7 Qb1+ 39. Kh2 Qb8+ 40. f4 Qb2 41. Qxg7+ Kxg7 42. e8Q Qxc3 43. Qe7+ Kh8 44. Ne6 1-0